00561nam a2200145Ia 4500008004100000020001800041050001700059100003100076245011900107260003700226300001800263500008700281650002100368650002600389120626s2004 mx 000 0 spa d a9789701040195 aRC454bH35181 aHalgin Richard P. eautor 10aPsicología de la anormalidadb : perspectivas clìnicas sobre desórdenes psicológicosc / Richard P. Halgin3 aMéxicob : McGraw Hillc, 2004 a666 páginas aTraducción de: ABNORMAL PSYCHOLOGY: CLINICAL PERSPECTIVES ON PSYCHOLOGY DISORDES 0aPSICOPATOLOGÍA 0aENFERMEDADES MENTALES